Open Data Biblioteca Nacional de Portugal


República Portuguesa: Ministério da Cultura
Biblioteca Nacional de Portugal

Catálogo da BNP: acesso por Identificadores Unívocos
Registos Bibliográficos associados ao registo de autoridade

Etiqueta de registo: 00000nam 2200025 450
001 2278738
003 http://id.bnportugal.gov.pt/bib/catbnp/2278738
100 ## $a20260310d2023 k y0pory01030103ba
101 0# $aeng$dpor
102 ## $aPT
105 ## $aa m 000yy
106 ## $ar
200 1# $aLandscaping open government data use$fIlka Massue Sabino Kawashita$gsupervised by Ana Alice Baptista, Delfina Soares
210 #9 $a[S.l.$cs.n.],$d2023
215 ## $aXVI, 188 p.$cil.$d30 cm
328 #1 $aTese dout. Information Systems and Technology, Escola de Engenharia, Universidade do Minho, 2023
675 ## $a004.77(81)(043)$vBN$zpor$31409635
675 ## $a35.07(81)(043)$vBN$zpor$31323357
675 ## $a004.41(81)(043)$vBN$zpor$31968019
700 #1 $aKawashita,$bIlka Massue Sabino$31990411
702 #1 $aBaptista,$bAna Alice$4727$31309448
702 #1 $aSoares,$bDelfina de Sá$4727$31468043
801 #0 $aPT$bBN$gRPC
966 ## $lBN$mFGMON$sP. 72523 V.$x1
971 ## $corlando$d20260310
972 ## $e0$z0$d20260422$vlrevez
973 ## $cigoulao$d20260415

OpendataBNP@bnportugal.pt | Mais informação sobre acesso aos dados BNP